[Event "World Youth Girl U14 2016"]
[Site "Khanty-Mansiysk RUS"]
[Date "2016.10.03"]
[Round "11.7"]
[White "Aciu, Malina-Andreea"]
[Black "Salonika, Saina"]
[Result "0-1"]
[BlackTitle "WCM"]
[WhiteElo "1876"]
[BlackElo "2093"]
[WhiteFideId "1240323"]
[BlackFideId "25013971"]
[EventDate "2016.09.22"]

1. e4 c5 2. Nf3 a6 3. d4 cxd4 4. Nxd4 Nf6 5. Nc3 g6 6. Be3 Bg7 7. f3 O-O 8. Qd2
Nc6 9. O-O-O d5 10. exd5 Nxd5 11. Nxc6 bxc6 12. Bd4 e5 13. Bc5 Be6 14. Bc4 Re8
15. Ne4 h6 16. g4 Qc7 17. Qf2 Red8 18. h4 Rd7 19. g5 h5 20. Rhe1 Rb8 21. Ba3
Rdd8 22. Qg3 Bf5 23. Nc5 Qa5 24. Nd3 Nc3 25. Bb3 Nxd1 26. Rxd1 Rd7 27. Qg1 Rbd8
28. Bc4 Qa4 29. Bb3 Qxh4 30. Bc5 Bxd3 31. cxd3 Rxd3 32. Rxd3 Rxd3 33. Ba7 Qf4+
34. Kb1 Rxf3 35. Qb6 Qe4+ 36. Kc1 Qe1+ 0-1

[Event "World Youth Girl U14 2016"]
[Site "Khanty-Mansiysk RUS"]
[Date "2016.10.03"]
[Round "11.9"]
[White "Priyanka, Nutakki"]
[Black "Zahedifar, Anahita"]
[Result "1-0"]
[BlackTitle "WFM"]
[WhiteElo "2070"]
[BlackElo "2081"]
[WhiteFideId "25049615"]
[BlackFideId "12560715"]
[EventDate "2016.09.22"]

1. d4 d5 2. c4 c6 3. Nc3 Nf6 4. Nf3 e6 5. e3 a6 6. Qc2 c5 7. cxd5 exd5 8. dxc5
Bxc5 9. Be2 O-O 10. O-O Be7 11. Rd1 Qc7 12. Qb3 Be6 13. Nd4 Nc6 14. Nxe6 fxe6
15. Bd2 Na5 16. Qc2 Bd6 17. g3 Rac8 18. Rac1 Qf7 19. Be1 Nc4 20. Bf3 b5 21. Qe2
Bc5 22. Bg2 Qe7 23. Bh3 Rc7 24. Bg2 Rfc8 25. Rb1 Nd6 26. Qd3 Rd7 27. Qe2 Nc4 28.
Bh3 Rdc7 29. Bg2 b4 30. Na4 Bd6 31. Rbc1 a5 32. Bh3 Ne4 33. Bg2 Ne5 34. Rxc7
Qxc7 35. f4 Nc4 36. Bxe4 dxe4 37. Rc1 Bc5 38. Nxc5 Qxc5 39. b3 1-0

[Event "World Youth Girl U14 2016"]
[Site "Khanty-Mansiysk RUS"]
[Date "2016.10.03"]
[Round "11.10"]
[White "Filippova, Darya"]
[Black "Sibajeva, Marija"]
[Result "1-0"]
[WhiteTitle "WFM"]
[BlackTitle "WCM"]
[WhiteElo "1888"]
[BlackElo "1913"]
[WhiteFideId "24173738"]
[BlackFideId "12807583"]
[EventDate "2016.09.22"]

1. c4 c5 2. Nc3 g6 3. g3 Bg7 4. Bg2 Nc6 5. e3 e6 6. Nge2 Nge7 7. O-O d5 8. cxd5
exd5 9. d4 cxd4 10. exd4 O-O 11. Be3 Be6 12. Nf4 Qd7 13. Nxe6 Qxe6 14. Re1 Qd7
15. Qd2 Rfd8 16. Rad1 Rac8 17. h4 h5 18. Kh2 Re8 19. Bh3 Nf5 20. Qd3 Nce7 21.
Bg5 f6 22. Bf4 Qc6 23. Re2 Kf7 24. Nb5 Qc4 25. Rxe7+ Rxe7 26. Bxf5 Qxd3 27. Bxd3
Rc6 28. Nxa7 Rce6 29. Nb5 f5 30. Be3 Rc6 31. Nc3 Rd6 32. Bf1 Rd8 33. Bg2 Red7
34. Bg5 Bf6 35. Bxf6 Kxf6 36. Re1 Rd6 37. Re5 Re6 38. Nxd5+ Kf7 39. Rxe6 Kxe6
40. Nf4+ Kf6 41. d5 Rc8 42. Bf1 Rc1 43. Bd3 Rd1 44. Kg2 Rd2 45. a4 Rxb2 46. d6
Rd2 47. d7 Ke7 48. Bb5 Rd6 49. Kf3 Kf6 50. Nd3 b6 51. Nb2 Ke7 52. Nc4 Re6 53.
Kf4 Re4+ 54. Kg5 Re6 55. Kf4 Re4+ 56. Kg5 Re6 57. f4 Re1 58. Ne5 Rg1 59. Nxg6+
Kd8 60. Kxf5 Rxg3 61. Nf8 1-0

[Event "World Youth Girl U14 2016"]
[Site "Khanty-Mansiysk RUS"]
[Date "2016.10.03"]
[Round "11.11"]
[White "Gomez Barrera, Javiera Belen"]
[Black "Mishra, Anwesha"]
[Result "1-0"]
[WhiteTitle "WFM"]
[BlackTitle "WFM"]
[WhiteElo "2027"]
[BlackElo "1819"]
[WhiteFideId "3418723"]
[BlackFideId "35002767"]
[EventDate "2016.09.22"]

1. e4 e5 2. Nf3 d6 3. d4 exd4 4. Nxd4 Nf6 5. Nc3 Be7 6. g3 O-O 7. Bg2 Re8 8. O-O
Bf8 9. h3 c6 10. a4 Na6 11. Re1 g6 12. Bf4 Nh5 13. Be3 Ng7 14. Qd2 Be7 15. Rad1
Qc7 16. Kh1 Bd7 17. f4 f5 18. exf5 Nxf5 19. Nxf5 Bxf5 20. Nd5 cxd5 21. Bxd5+ Kg7
22. Bd4+ Kf8 23. g4 Qxc2 24. gxf5 Qxf5 25. Bxb7 Nc5 26. Bxa8 Rxa8 27. Qg2 Rb8
28. Bxc5 dxc5 29. Rd5 Qf6 30. Re2 Rb4 31. Rd7 Rxf4 32. Qa8+ Kf7 33. Rdxe7+ Qxe7
34. Rxe7+ Kxe7 35. Qxa7+ Kf6 36. Qxc5 Rf5 37. Qd6+ Kg5 38. a5 1-0

[Event "World Youth Girl U14 2016"]
[Site "Khanty-Mansiysk RUS"]
[Date "2016.10.03"]
[Round "11.12"]
[White "Koroleva, Evgeniya"]
[Black "Schulze, Lara"]
[Result "1-0"]
[BlackTitle "WFM"]
[WhiteElo "1970"]
[BlackElo "2034"]
[WhiteFideId "34124010"]
[BlackFideId "12956830"]
[EventDate "2016.09.22"]

1. d4 Nf6 2. c4 e6 3. Nf3 Bb4+ 4. Bd2 a5 5. g3 O-O 6. Qc2 d6 7. Bg2 Nbd7 8. O-O
Bxd2 9. Nfxd2 e5 10. e3 c6 11. Nc3 Re8 12. Rad1 Qe7 13. a3 Nf8 14. b4 axb4 15.
axb4 g6 16. d5 cxd5 17. cxd5 b5 18. Ra1 Bb7 19. Qd3 Qd7 20. Qxb5 Rec8 21. Qd3
Qc7 22. Rxa8 Bxa8 23. Rc1 Qb8 24. Rb1 N8d7 25. e4 Qa7 26. Ne2 Ng4 27. Qf3 h5 28.
h3 Rc2 29. hxg4 Rxd2 30. gxh5 Kg7 31. hxg6 fxg6 32. Rc1 Qb7 33. Bf1 Rb2 34. Qc3
Rxb4 35. Bh3 Nf6 36. f3 Qb6+ 37. Kg2 Rb2 38. Rc2 Rxc2 39. Qxc2 Bb7 40. Bc8 Bxc8
41. Qxc8 Qe3 42. Qc7+ Kg8 43. Qd8+ Kf7 44. Qc7+ Kg8 45. Qc2 Kf7 46. Ng1 g5 47.
Qf2 Qd3 48. g4 Kg6 49. Qe2 Qd4 50. Nh3 Nd7 51. Qb5 Nf6 52. Nf2 Qc3 53. Qb6 Qa3
54. Qc6 Qb4 55. Qc8 Nh7 56. Qd7 Kh6 57. Qc8 Kg7 58. Qc7+ Kg6 59. Kg3 Nf6 60. Qc1
Nh7 61. Nd3 Qd4 62. Nf2 Qb4 63. Qh1 Qd2 64. Qh5+ Kg7 65. Qe8 Qe1 66. Kg2 Qb4 67.
Kg3 Qe1 68. Qe7+ Kg8 69. Qd8+ Kg7 70. Qc7+ Kg8 71. Qb8+ Kg7 72. Kg2 Qc3 73. Qxd6
Nf6 74. Qe7+ Kg6 75. Qe6 Kg7 76. Qf5 Nh7 77. d6 Qd4 78. d7 Nf6 79. Qxg5+ Kf7 80.
Qf5 Qxd7 81. Qxe5 1-0

[Event "World Youth Girl U14 2016"]
[Site "Khanty-Mansiysk RUS"]
[Date "2016.10.03"]
[Round "11.13"]
[White "Makhija, Aashna"]
[Black "Serikbay, Assel"]
[Result "1/2-1/2"]
[BlackTitle "WFM"]
[WhiteElo "1830"]
[BlackElo "1996"]
[WhiteFideId "25011944"]
[BlackFideId "13706799"]
[EventDate "2016.09.22"]

1. e4 c5 2. c3 Nf6 3. e5 Nd5 4. Nf3 Nc6 5. Bc4 Nb6 6. Bb3 d5 7. exd6 Qxd6 8. Na3
a6 9. O-O Be6 10. Ng5 Bd5 11. d3 h6 12. Ne4 Bxe4 13. dxe4 Qxd1 14. Rxd1 e6 15.
Bf4 Na5 16. Bc7 Nxb3 17. axb3 Nd7 18. Nc4 Rc8 19. Nd6+ Bxd6 20. Bxd6 e5 21. Rd5
f6 22. Rad1 b5 23. f4 exf4 24. Bxf4 Nf8 25. Be3 c4 26. b4 Ng6 27. Rd6 Ra8 28.
Rb6 O-O 29. Rdd6 Rfe8 30. Rxa6 Rxa6 31. Rxa6 Rxe4 32. Bd4 Nf4 33. Rb6 Ne2+ 34.
Kf1 Nxd4 35. cxd4 Rxd4 36. Rxb5 Rd7 37. Kf2 Rd2+ 38. Kf3 Rxb2 39. Rb8+ Kf7 40.
Rb7+ Kg6 41. b5 Kf5 42. Rc7 Rxb5 43. Rxc4 Rb3+ 44. Kf2 g5 45. Ra4 h5 46. h3 Rb5
47. Rc4 Ke5 48. Ra4 f5 49. Rc4 Rd5 50. Rc2 f4 51. Rc3 g4 52. hxg4 hxg4 53. Rc1
Rd2+ 54. Kf1 Kf5 55. Kg1 Kg5 56. Rf1 Ra2 57. Kh1 Kf5 58. Kg1 Ke4 59. Rb1 Ke3 60.
Kf1 Rf2+ 61. Kg1 Rc2 62. Kf1 Kd2 63. Kf2 Kc3+ 64. Kg1 Kd4 65. Re1 Kd5 66. Rb1
Ke5 67. Ra1 Kf5 68. Re1 Kg5 69. Rf1 Kh4 70. Rxf4 Kg3 71. Rf1 Rxg2+ 1/2-1/2

[Event "World Youth Girl U14 2016"]
[Site "Khanty-Mansiysk RUS"]
[Date "2016.10.03"]
[Round "11.14"]
[White "Barmagambetova, Sakypzhama"]
[Black "Ouellet, Maili-Jade"]
[Result "1/2-1/2"]
[BlackTitle "WCM"]
[WhiteElo "1744"]
[BlackElo "1992"]
[WhiteFideId "13723103"]
[BlackFideId "2620472"]
[EventDate "2016.09.22"]

1. d4 d5 2. Nf3 Nf6 3. c4 e6 4. Nc3 Be7 5. Bg5 O-O 6. e3 Nbd7 7. Bd3 c6 8. O-O
Re8 9. Rc1 a6 10. cxd5 exd5 11. Bf4 Nf8 12. h3 Ne6 13. Bh2 g6 14. a3 Ng7 15. Na4
Bf5 16. Bxf5 Nxf5 17. Qb3 b5 18. Nc5 Qb6 19. Ne5 Rac8 20. Rc2 Nd6 21. Rfc1 a5
22. Ncd7 Nxd7 23. Nxd7 Qd8 24. Ne5 a4 25. Qd3 Nc4 26. e4 Bd6 27. Nxc4 bxc4 28.
Qf3 Rxe4 29. Rxc4 Qe8 30. Bxd6 dxc4 31. Be5 f5 32. Qc3 Qe6 33. f3 Rh4 34. f4 g5
35. fxg5 Re8 36. Qb4 Rh5 37. Qxa4 Rxg5 38. Qxc4 Qxc4 39. Rxc4 Rg6 40. a4 Ra8 41.
Kf2 Ra6 42. Rb4 h6 43. Kf3 Kf7 44. Bc7 Ke6 45. a5 Kd5 46. Bb6 h5 47. Rb3 h4 48.
Rc3 Rg3+ 49. Kf4 Rxg2 50. Kxf5 Rxb2 51. Kg4 Rg2+ 52. Kxh4 Ra8 53. Rc5+ Ke4 54.
Re5+ Kd3 55. Rg5 Rh8+ 56. Rh5 Rf8 57. Rg5 Rh8+ 1/2-1/2

[Event "World Youth Girl U14 2016"]
[Site "Khanty-Mansiysk RUS"]
[Date "2016.10.03"]
[Round "11.15"]
[White "Dongo, Melanie"]
[Black "Palma, Maria"]
[Result "1-0"]
[WhiteElo "1981"]
[BlackElo "1925"]
[WhiteFideId "3813444"]
[BlackFideId "898481"]
[EventDate "2016.09.22"]

1. e4 e6 2. d4 d5 3. Nd2 Nf6 4. e5 Nfd7 5. Bd3 c5 6. c3 b6 7. Ne2 Ba6 8. Bxa6
Nxa6 9. O-O Be7 10. f4 g6 11. Nf3 Qc7 12. Be3 Rc8 13. Rc1 Qb7 14. a3 cxd4 15.
cxd4 O-O 16. Qd3 Nab8 17. Nc3 Nc6 18. f5 gxf5 19. Bh6 Rfe8 20. Nxd5 Bf8 21. Bxf8
Kxf8 22. Nf6 Red8 23. Nxh7+ Ke7 24. d5 Ndxe5 25. Qe3 Nxf3+ 26. Rxf3 Rxd5 27.
Qg5+ Kd6 28. Qf4+ Ke7 29. Qh4+ Kd6 30. Rfc3 Rc5 31. Qf4+ Ne5 32. Nf6 Rxc3 33.
bxc3 Rc5 34. Rd1+ Ke7 35. Qh4 Ng6 36. Ng8+ Kf8 37. Rd8+ 1-0

[Event "World Youth Girl U14 2016"]
[Site "Khanty-Mansiysk RUS"]
[Date "2016.10.03"]
[Round "11.16"]
[White "Grigorieva, Yulia"]
[Black "Mangalam, Shreya B"]
[Result "1-0"]
[WhiteElo "1923"]
[BlackElo "1739"]
[WhiteFideId "34104868"]
[BlackFideId "2085070"]
[EventDate "2016.09.22"]

1. d4 d5 2. c4 e6 3. Nc3 Bb4 4. Nf3 dxc4 5. e3 b5 6. Bd2 c6 7. a4 a5 8. Be2 Bb7
9. Ne5 Nf6 10. Bf3 Bxc3 11. bxc3 Nd5 12. O-O O-O 13. Qc2 Nd7 14. Nxd7 Qxd7 15.
e4 Nb6 16. e5 c5 17. Bxb7 Qxb7 18. axb5 Qd5 19. dxc5 Qxc5 20. Be3 Qc7 21. f4 Nd5
22. Bd4 f5 23. exf6 Nxf6 24. Qe2 Rfe8 25. Ra4 Qd7 26. Qxc4 Reb8 27. f5 Nd5 28.
fxe6 Qxe6 29. b6 Rb7 30. Bc5 Re8 31. Rxa5 Nxb6 32. Qxe6+ Rxe6 33. Rf8# 1-0

[Event "World Youth Girl U14 2016"]
[Site "Khanty-Mansiysk RUS"]
[Date "2016.10.03"]
[Round "11.17"]
[White "Puppi Lazo, Stephanie Beatriz"]
[Black "Nestorovic, Katarina"]
[Result "0-1"]
[WhiteElo "1710"]
[BlackElo "2017"]
[WhiteFideId "3826104"]
[BlackFideId "954632"]
[EventDate "2016.09.22"]

1. e4 c5 2. c3 Nf6 3. e5 Nd5 4. d4 cxd4 5. cxd4 e6 6. Nf3 d6 7. Bc4 Nc6 8. O-O
Be7 9. Bd2 O-O 10. Nc3 Nxc3 11. Bxc3 a6 12. a4 Na5 13. Bd3 g6 14. Re1 Bd7 15.
Nd2 d5 16. g3 Rc8 17. h4 Kh8 18. h5 Nc6 19. Kg2 Rg8 20. Rh1 Rg7 21. Qf3 Be8 22.
Rh2 Nxe5 23. Qe2 Nxd3 24. Qxd3 Bc6 25. Nf3 Bf6 26. Bd2 Qc7 27. Bf4 Qb6 28. Ne5
Be8 29. hxg6 fxg6 30. Bh6 Bxe5 31. dxe5 Rf7 32. Qd2 Qb3 33. Ra3 Qc2 34. Qd4 Rc4
35. Qb6 Rc6 36. Qe3 Qxb2 37. Rh4 Qb6 38. Qd2 Rc4 39. a5 Qc6 40. Rh1 Rc2 41. Qe1
d4+ 42. Kh3 Rf5 43. g4 Rf3+ 44. Rxf3 Qxf3+ 45. Kh4 Re2 46. Rh3 Qxh3+ 0-1

[Event "World Youth Girl U14 2016"]
[Site "Khanty-Mansiysk RUS"]
[Date "2016.10.03"]
[Round "11.18"]
[White "Skaslien, Ingrid"]
[Black "Swiech, Joanna"]
[Result "0-1"]
[WhiteElo "1588"]
[BlackElo "1962"]
[WhiteFideId "1520660"]
[BlackFideId "1183486"]
[EventDate "2016.09.22"]

1. d4 d5 2. Nf3 e6 3. e3 Nf6 4. c4 c6 5. Bd3 Nbd7 6. cxd5 exd5 7. Nc3 Bd6 8. O-O
O-O 9. b3 Re8 10. Qc2 Qe7 11. Bb2 Ne4 12. Rac1 Ndf6 13. Na4 Bf5 14. h3 Bg6 15.
Nh4 Rad8 16. Nc5 Bb8 17. Ba3 Qc7 18. Nf3 Nd7 19. Rfe1 Qc8 20. Bb2 Ndxc5 21. dxc5
Bh5 22. Be2 Bxf3 23. Bxf3 Qc7 24. Ba1 Re6 25. Kf1 Rde8 26. Qb2 f6 27. Qc2 f5 28.
Bh5 R8e7 29. Bd4 Rh6 30. Bf3 Rf7 31. b4 Ng5 32. Qd1 Qh2 33. a4 Re6 34. b5 f4 35.
Bg4 Re8 36. Bh5 g6 37. Bf3 Nxf3 38. gxf3 Qxh3+ 39. Ke2 fxe3 40. Kd3 e2 41. Rxe2
Qxf3+ 42. Kc2 Qf5+ 43. Kb2 Re4 44. Be3 Be5+ 45. Ka2 Qg4 46. Ka3 d4 0-1

[Event "World Youth Girl U14 2016"]
[Site "Khanty-Mansiysk RUS"]
[Date "2016.10.03"]
[Round "11.19"]
[White "Beshukova, Alina"]
[Black "Nayberg, Simona"]
[Result "1/2-1/2"]
[WhiteElo "1820"]
[BlackElo "1807"]
[WhiteFideId "24164828"]
[BlackFideId "2075180"]
[EventDate "2016.09.22"]

1. Nf3 d5 2. g3 Nf6 3. Bg2 e6 4. O-O Bd6 5. b3 O-O 6. Bb2 Nbd7 7. d3 Re8 8. c4
c5 9. Nbd2 d4 10. e3 dxe3 11. fxe3 Rb8 12. Qe2 Qc7 13. d4 e5 14. d5 b5 15. e4
Ba6 16. cxb5 Bxb5 17. Nc4 Bxc4 18. bxc4 Nxe4 19. Qxe4 Rxb2 20. Ng5 Nf6 21. Rxf6
gxf6 22. Qxh7+ Kf8 23. Rf1 Rxg2+ 24. Kxg2 fxg5 25. Qh6+ Ke7 26. Qxg5+ Kd7 27.
Rxf7+ Re7 28. Qg4+ Kd8 29. Qg8+ Kd7 30. Qg4+ Ke8 31. Qg8+ Kd7 32. Qg4+ 1/2-1/2

[Event "World Youth Girl U14 2016"]
[Site "Khanty-Mansiysk RUS"]
[Date "2016.10.03"]
[Round "11.20"]
[White "Vanduyfhuys, Daria"]
[Black "Kvendseth, Thyra"]
[Result "0-1"]
[WhiteElo "1810"]
[BlackElo "1745"]
[WhiteFideId "246336"]
[BlackFideId "1520628"]
[EventDate "2016.09.22"]

1. e4 e5 2. Nf3 Nc6 3. d4 exd4 4. Nxd4 Nf6 5. Nxc6 bxc6 6. Bd3 Bc5 7. O-O d5 8.
exd5 cxd5 9. Re1+ Be7 10. Bf4 O-O 11. Nc3 Bb7 12. Nb5 c5 13. Qe2 Ne4 14. f3 c4
15. Bxe4 dxe4 16. Qxc4 exf3 17. Bc7 Qd2 18. gxf3 Bxf3 19. Re2 Bxe2 0-1

[Event "World Youth Girl U14 2016"]
[Site "Khanty-Mansiysk RUS"]
[Date "2016.10.03"]
[Round "11.21"]
[White "Nomindalai, Tumurbaatar"]
[Black "Tharushi, T H D Niklesha"]
[Result "1-0"]
[WhiteTitle "CM"]
[WhiteElo "1757"]
[BlackElo "1584"]
[WhiteFideId "4904095"]
[BlackFideId "9918264"]
[EventDate "2016.09.22"]

1. d4 Nf6 2. Bg5 c5 3. Bxf6 gxf6 4. d5 Qb6 5. Qc1 d6 6. e3 Bg7 7. Nd2 Nd7 8. Nc4
Qc7 9. Ne2 Nb6 10. Nf4 Bd7 11. c3 Bh6 12. Nxb6 Qxb6 13. Bd3 O-O-O 14. O-O Bxf4
15. exf4 Rdg8 16. Kh1 h5 17. b4 h4 18. Qe3 h3 19. g3 e6 20. bxc5 Qxc5 21. Be4 e5
22. Qxc5+ dxc5 23. fxe5 fxe5 24. Rab1 f5 25. Bc2 Rg4 26. Rfe1 Re8 27. f3 Rc4 28.
Re3 f4 29. Bb3 fxe3 30. Bxc4 e4 31. f4 Bg4 32. Re1 e2 33. Bxe2 Bxe2 34. Rxe2 c4
35. Kg1 e3 36. Kf1 Kc7 37. Rb2 b6 38. Ke2 Kd6 39. Kf3 Kxd5 40. Re2 Kc6 41. Rxe3
Rd8 42. Ke2 Kb5 43. f5 Ka4 44. f6 Ka3 45. f7 Rf8 46. Rf3 Kxa2 47. g4 a5 48. g5
a4 49. g6 b5 50. g7 Rxf7 51. Rxf7 b4 1-0

[Event "World Youth Girl U14 2016"]
[Site "Khanty-Mansiysk RUS"]
[Date "2016.10.03"]
[Round "11.22"]
[White "Voskresenskaya, Marta"]
[Black "Sahin, Hayrun Nisa"]
[Result "1/2-1/2"]
[WhiteElo "1835"]
[BlackElo "1725"]
[WhiteFideId "34127795"]
[BlackFideId "6380875"]
[EventDate "2016.09.22"]

1. d4 Nf6 2. c4 c5 3. d5 e6 4. Nc3 exd5 5. cxd5 d6 6. e3 a6 7. a4 g6 8. Nf3 Bg7
9. Bd3 O-O 10. O-O Nbd7 11. h3 Re8 12. Re1 b6 13. e4 h6 14. Bf4 Qc7 15. Bh2 Nh7
16. Rc1 Ne5 17. Bxe5 Bxe5 18. Nxe5 dxe5 19. Nb1 Nf6 20. Na3 Rd8 21. Qb3 Bd7 22.
Qc2 Rdc8 23. b3 Ne8 24. Qc3 f6 25. Bc4 Nd6 26. Qg3 Kg7 27. f4 Re8 28. f5 g5 29.
Qg4 Reb8 30. Bf1 b5 31. b4 c4 32. a5 Qa7+ 33. Kh1 Qd4 34. Qf3 Rc8 35. Rc3 Rh8
36. Nc2 Qa7 37. h4 Rac8 38. h5 Rc7 39. g4 1/2-1/2

[Event "World Youth Girl U14 2016"]
[Site "Khanty-Mansiysk RUS"]
[Date "2016.10.03"]
[Round "11.23"]
[White "Bellahcene, Meriem"]
[Black "Nasybullina, Dayana"]
[Result "1/2-1/2"]
[WhiteElo "1729"]
[BlackElo "1622"]
[WhiteFideId "20655347"]
[BlackFideId "34127280"]
[EventDate "2016.09.22"]

1. e4 e6 2. d4 d5 3. e5 b6 4. Bf4 c5 5. c3 Qd7 6. Nf3 Ne7 7. Bd3 Ba6 8. O-O Nec6
9. a3 Be7 10. Be3 Bxd3 11. Qxd3 c4 12. Qc2 b5 13. Nbd2 a5 14. Kh1 Na6 15. h3 b4
16. axb4 axb4 17. g4 h5 18. g5 g6 19. Kg2 O-O 20. Nh4 Kg7 21. Ndf3 b3 22. Qd1
Nc7 23. Qe2 Rxa1 24. Rxa1 Ra8 25. Qd1 Qc8 26. Qb1 Bf8 1/2-1/2

[Event "World Youth Girl U14 2016"]
[Site "Khanty-Mansiysk RUS"]
[Date "2016.10.03"]
[Round "11.24"]
[White "Pandey, Ritika"]
[Black "Alekseenko, Mariya"]
[Result "1-0"]
[WhiteElo "1641"]
[BlackElo "1643"]
[WhiteFideId "30903670"]
[BlackFideId "44172729"]
[EventDate "2016.09.22"]

1. e4 c5 2. Nf3 e6 3. d4 cxd4 4. Nxd4 a6 5. Bd3 Qc7 6. c4 d6 7. O-O Nf6 8. Nc3
g6 9. Be3 Bg7 10. Rc1 Nbd7 11. f3 b6 12. Qd2 Ne5 13. Be2 h6 14. Rfd1 Ned7 15. b4
Bb7 16. Nb3 Rc8 17. a3 Bf8 18. Bf1 g5 19. Na4 g4 20. Qf2 gxf3 21. gxf3 Rg8+ 22.
Bg2 Nxe4 23. Qf1 Ng5 24. Kh1 Qc6 25. b5 Qc7 26. Nd4 a5 27. Nb2 Nf6 28. Nc6 Bxc6
29. bxc6 Qxc6 30. f4 Nge4 31. f5 e5 32. Nd3 Qc7 33. Rc2 h5 34. Rb1 Nc5 35. Nxc5
dxc5 36. Re2 Bd6 37. Rbe1 Nh7 38. f6 Ng5 39. Bf4 Ne6 40. Bxe5 Kd7 41. Rd2 Nd4
42. Bh3+ Kd8 43. Bxd6 Qxd6 44. Bxc8 Kxc8 45. Qh3+ Kb8 46. Qe3 Qxf6 47. Rf2 Qc6+
48. Qe4 Qxe4+ 49. Rxe4 f5 50. Re7 Rg4 51. h3 Rg3 52. Rg2 f4 53. Rxg3 fxg3 54.
Kg2 h4 55. Re4 Nc2 56. a4 Kc7 57. Rxh4 Ne3+ 58. Kg1 Nd1 59. Rg4 Nb2 60. h4 Nxa4
61. h5 1-0

[Event "World Youth Girl U14 2016"]
[Site "Khanty-Mansiysk RUS"]
[Date "2016.10.03"]
[Round "11.25"]
[White "Ebeling, Mariela"]
[Black "Gronn, Embla Ekeland"]
[Result "1/2-1/2"]
[WhiteElo "1459"]
[BlackElo "1533"]
[WhiteFideId "508080"]
[BlackFideId "1517600"]
[EventDate "2016.09.22"]

1. e4 c6 2. d4 d5 3. Nc3 dxe4 4. Nxe4 Bf5 5. Ng3 Bg6 6. h4 h6 7. Nf3 Nd7 8. h5
Bh7 9. Bd3 Bxd3 10. Qxd3 e6 11. Bf4 Qa5+ 12. Bd2 Bb4 13. a3 Bxd2+ 14. Qxd2 Qxd2+
15. Kxd2 Ngf6 16. c4 O-O-O 17. Rh4 Nb6 18. Kc3 c5 19. dxc5 Na4+ 20. Kc2 Nxc5 21.
Ne5 Rhf8 22. Rd1 Rxd1 23. Kxd1 Ncd7 24. Nxd7 Kxd7 25. Ne4 Nxe4 26. Rxe4 Ke7 27.
Rd4 1/2-1/2

[Event "World Youth Girl U14 2016"]
[Site "Khanty-Mansiysk RUS"]
[Date "2016.10.03"]
[Round "11.26"]
[White "Bechvaia, Maia"]
[Black "Parhomenko, Anastasija"]
[Result "1-0"]
[WhiteElo "1848"]
[BlackElo "1506"]
[WhiteFideId "13613294"]
[BlackFideId "11606185"]
[EventDate "2016.09.22"]

1. e4 e6 2. d4 d5 3. Nd2 dxe4 4. Nxe4 Be7 5. Nf3 Nf6 6. Ng3 Nbd7 7. Bd3 c5 8.
O-O O-O 9. c3 b6 10. Qe2 Bb7 11. dxc5 Nxc5 12. Bc2 Qc7 13. Be3 Rad8 14. Rad1 Qc6
15. Bd4 Rfe8 16. b4 Ncd7 17. Rfe1 b5 18. a4 a6 19. axb5 axb5 20. Bd3 Ba6 21. Ne4
Rb8 22. Ne5 Qc8 23. Ng5 Rf8 24. Nexf7 Nb6 25. Bxf6 Bxf6 26. Bxh7# 1-0

[Event "World Youth Girl U14 2016"]
[Site "Khanty-Mansiysk RUS"]
[Date "2016.10.03"]
[Round "11.28"]
[White "Oberholzer, Imarie"]
[Black "Smbatyan, Qristine"]
[Result "0-1"]
[WhiteTitle "WFM"]
[WhiteElo "1512"]
[BlackElo "1506"]
[WhiteFideId "14306506"]
[BlackFideId "13308319"]
[EventDate "2016.09.22"]

1. e4 c5 2. Nc3 e6 3. f4 g6 4. Nf3 Bg7 5. Be2 Ne7 6. O-O Nbc6 7. d3 O-O 8. a3 d5
9. Qe1 Nd4 10. Nxd4 Bxd4+ 11. Kh1 Bg7 12. Bf3 Rb8 13. f5 dxe4 14. Nxe4 Nxf5 15.
Nxc5 Nd4 16. c3 Nxf3 17. Rxf3 b6 18. Ne4 e5 19. Qf2 f5 20. Ng3 Bb7 21. h3 Bxf3
22. Qxf3 Qd6 23. Bg5 h6 24. Bc1 Rbd8 25. Kh2 Qxd3 26. Qxd3 Rxd3 27. Ne2 f4 28.
b4 f3 29. gxf3 Rfxf3 30. Ng1 Rf2+ 31. Kh1 e4 32. a4 Be5 0-1

[Event "World Youth Girl U14 2016"]
[Site "Khanty-Mansiysk RUS"]
[Date "2016.10.03"]
[Round "11.29"]
[White "Yapa Bandara, Chamodya"]
[Black "Marais, Nina"]
[Result "1-0"]
[BlackTitle "WCM"]
[WhiteElo "1582"]
[BlackElo "1544"]
[WhiteFideId "9914706"]
[BlackFideId "14306883"]
[EventDate "2016.09.22"]

1. e4 e6 2. d4 d5 3. Nd2 Nf6 4. e5 Nfd7 5. Bd3 c5 6. c3 Nc6 7. Ne2 cxd4 8. cxd4
f6 9. exf6 Nxf6 10. Nf3 Bd6 11. Bg5 O-O 12. Qc2 h6 13. Bd2 Nb4 14. Bxb4 Bxb4+
15. Kf1 Bd6 16. h4 Qb6 17. Neg1 Bd7 18. Nh3 Bb5 19. Rd1 Rac8 20. Qb1 Bxd3+ 21.
Rxd3 Qb5 22. Ke2 Nh5 23. Rd1 Rc6 24. Kf1 Rfc8 25. Kg1 Nf4 26. Rb3 Ne2+ 27. Kh1
Qxb3 28. axb3 Rc1 29. Qg6 Rxd1+ 30. Nfg1 Nxd4 31. g3 Rd2 32. Kg2 Rf8 33. g4 Bf4
34. Nxf4 Rxf4 35. Nh3 Rf6 36. Qe8+ Kh7 37. g5 Rfxf2+ 38. Nxf2 hxg5 39. hxg5 Ne2
40. Qf7 e5 41. Qf5+ Kg8 42. g6 Nf4+ 43. Kf1 Nxg6 44. Qxg6 e4 45. Qg5 Rd4 46. Qe3
Rb4 47. Qc5 1-0

[Event "World Youth Girl U14 2016"]
[Site "Khanty-Mansiysk RUS"]
[Date "2016.10.03"]
[Round "11.30"]
[White "Tomcikova, Dominika"]
[Black "Koubova, Anna Marie"]
[Result "0-1"]
[WhiteElo "1713"]
[BlackElo "1822"]
[WhiteFideId "14935554"]
[BlackFideId "381470"]
[EventDate "2016.09.22"]

1. e4 c5 2. Nc3 d6 3. g3 Nf6 4. Bg2 g6 5. d3 Bg7 6. Be3 Nc6 7. Qd2 e6 8. Bh6
Bxh6 9. Qxh6 Ng4 10. Qd2 Bd7 11. Nge2 Nd4 12. Nxd4 cxd4 13. Ne2 Qb6 14. O-O O-O
15. c3 dxc3 16. bxc3 Bc6 17. d4 Nf6 18. Qf4 Qd8 19. c4 e5 20. dxe5 dxe5 21. Qf3
Bxe4 22. Qc3 Bxg2 23. Kxg2 Qe7 24. Rfe1 Rac8 25. Nf4 Rfe8 26. Nd3 e4 27. Qb3 Qc7
28. Nf4 Qc6 29. Nd5 Nxd5 30. cxd5 Qd7 31. Rad1 Rc5 32. Rd4 Re5 33. d6 Rc6 34.
Red1 Re6 35. Qb4 e3 36. fxe3 Rxe3 37. Re4 Rc2+ 38. Kg1 Qh3 39. Rd2 Rc1+ 40. Kf2
Rxe4 41. Qxe4 Qf1+ 42. Ke3 Re1+ 0-1